effect of ethephon 1.5% 2.0% 2.5% on clone PB 260 at sopheak nika group co.LTD ប្រសិទ្ធភាពថ្នាំរំញេចអេតេហ្វូន ១,៥% ២% ២ ,៥% លើក្លុនកៅស៊ូសុភក្កិ នីកា អុីនវេសមែន គ្រុម ខូ អិលធីឌី (Record no. 18111)
[ view plain ]
| 000 -LEADER | |
|---|---|
| fixed length control field | 00729nam a22001577a 4500 |
| 003 - CONTROL NUMBER IDENTIFIER | |
| control field | OSt |
| 005 - DATE AND TIME OF LATEST TRANSACTION | |
| control field | 20190730145409.0 |
| 008 - FIXED-LENGTH DATA ELEMENTS--GENERAL INFORMATION | |
| fixed length control field | 190730b xxu||||| |||| 00| 0 eng d |
| 040 ## - CATALOGING SOURCE | |
| Transcribing agency | RUA |
| 082 ## - DEWEY DECIMAL CLASSIFICATION NUMBER | |
| Classification number | RUB SOK 2017 B643 Or.1 |
| 100 ## - MAIN ENTRY--PERSONAL NAME | |
| 9 (RLIN) | 13783 |
| Personal name | SOK THEARA សុខ ធារ៉ា |
| 245 ## - TITLE STATEMENT | |
| Title | effect of ethephon 1.5% 2.0% 2.5% on clone PB 260 at sopheak nika group co.LTD ប្រសិទ្ធភាពថ្នាំរំញេចអេតេហ្វូន ១,៥% ២% ២ ,៥% លើក្លុនកៅស៊ូសុភក្កិ នីកា អុីនវេសមែន គ្រុម ខូ អិលធីឌី |
| 260 ## - PUBLICATION, DISTRIBUTION, ETC. (IMPRINT) | |
| Place of publication, distribution, etc. | RUA |
| Name of publisher, distributor, etc. | Phnom penh |
| Date of publication, distribution, etc. | 2017 |
| 300 ## - PHYSICAL DESCRIPTION | |
| Extent | x;48p |
| Other physical details | ill; |
| Dimensions | 29cm |
| 942 ## - ADDED ENTRY ELEMENTS (KOHA) | |
| Source of classification or shelving scheme | |
| Koha item type | RUB |
| Price effective from | Date last seen | Permanent Location | Not for loan | Date acquired | Source of classification or shelving scheme | Koha item type | Lost status | Withdrawn status | Date last checked out | Total Checkouts | Shelving location | Damaged status | Barcode | Current Location | Full call number |
|---|---|---|---|---|---|---|---|---|---|---|---|---|---|---|---|
| 2019-07-30 | 2019-07-30 | Library Block B | 2019-07-30 | RUB | B643 | A41943 | Library Block B | RUB SOK 2017 B643 Or.1 | |||||||
| 2019-07-30 | 2019-07-30 | Library Block B | 2019-07-30 | RUB | B643 | A42018 | Library Block B | RUB SOK 2017 B643 Or.2 | |||||||
| 2019-07-30 | 2019-07-30 | Library Block B | 2019-07-30 | RUB | B643 | A42013 | Library Block B | RUB SOK 2017 B643 Or.3 | |||||||
| 2019-07-30 | 2021-12-01 | Library Block B | 2019-07-30 | RUB | 2021-11-16 | 1 | B643 | A41783 | Library Block B | RUB SOK 2017 B643 Or.4 | |||||
| 2019-07-30 | 2020-12-21 | Library Block B | 2019-07-30 | RUB | 2020-03-04 | 1 | B643 | A41793 | Library Block B | RUB SOK 2017 B643 Or.5 | |||||
| 2019-07-30 | 2020-03-11 | Library Block B | 2019-07-30 | RUB | 2020-03-09 | 1 | B643 | A41868 | Library Block B | RUB SOK 2017 B643 Or.6 |